00293nam a2200121Ia 4500008004100000082001700041100001800058245003500076250000800111260002700119300000800146650001700154150201s2012 xx 000 0 und d a616.01bM12B aBAVEJA , C.P. aTB. OF MICROBIOLOGY FOR NURSES a3RD bARYA PUB.aDELHIc2012 a259 aMICROBIOLOGY